书目信息 |
| 书名: | MARTIN EDER | |
| 作者: | watercolors. | |
| 分册号: | ||
| 分册名: | 出版地: |
|
| 出版社: | ||
| 出版时间: | ||
| 页数: | ||
| 开本: | 30cm. | |
| 丛书名: | ||
| 中图分类号: | ||
| 科图分类号: | ||
| 其他分类号: | J235 | |
| 主题词: | ||
| 电子资源: | ||
| 000 | 00376nam 2200157 a 4500 | |
| 001 | E1730860947 | |
| 005 | 20171204083959.09 | |
| 008 | 171204s 00010 eng | |
| 020 | @a978-3-7913-4442-3 :@cCNY 480.00. | |
| 040 | @aPFT@beng | |
| 093 | @aJ235 | |
| 099 | @dJ235@eW256 | |
| 245 | @aMARTIN EDER / @cwatercolors. | |
| 300 | @c30cm. | |
| 650 | 0 | @a绘画@x世界 |
| 650 | 0 | @a绘画@y各国 |
| MARTIN EDER / / watercolors. |
| 30cm. |
| ISBN 978-3-7913-4442-3 :CNY 480.00. |
| ● |
| 相关链接 |
|
|
|
正题名:MARTIN EDER
索取号:J235/W256
 
预约/预借
| 序号 | 登录号 | 条形码 | 馆藏地/架位号 | 状态 | 备注 |
| 1 | 0015867 | 300158674 | 艺术设计学院资料室/ [索取号:J235/W256] | 在馆 |